Statistiche per Paesi più Vicini all'Etiopia

Clicka qui per fare il quiz!

Statistiche generali

  • Questo quiz è stato fatto 2.094 volte
  • Il punteggio medio è 18 su 20

Risposte nella Mappa

Le risposte nella mappa del quiz sottostante sono codificate secondo una scala di colori dal rosso al verde in base alla % di persone che hanno risposto correttamente.
 

Statistiche sulle risposte

KmPaeseMiglia% Corretto
268Arabia Saudita167
98%
897Egitto558
98%
1385Libia861
98%
0Somalia0
97%
109Yemen68
97%
0Eritrea0
96%
1111Oman690
96%
526Repubblica Democratica del Congo327
96%
0Sudan0
96%
0Kenya0
93%
0Sud Sudan0
93%
1160Ciad721
90%
674Tanzania419
89%
688Repubblica Centrafricana427
87%
0Gibuti0
84%
1539Seychelles957
84%
193Uganda120
83%
1526Zambia948
82%
872Ruanda542
81%
977Burundi607
80%

Distribuzione punteggi

Percentile per numero di risposta

Percentuale di utenti per punteggio

I tuoi punteggi nel tempo

Non hai fatto questo quiz